Дело о профессорах и приват-доцентах Томского университета

Доступно только в Электронных читальных залах Найти на картеНа карте
RUSMARC
00003711nmc2a2200000 x 450
00117e604bd-3841-4b4d-99fd-562d561e5501
00520171011031353.0
100##$a20160616l18971899k l0rusy0189 ca
1010#$arus
102##$aRU
2001#$aДело о профессорах и приват-доцентах Томского университета
$j7 января 1897 г. - 21 августа 1899 г.
251##$cДело
300##$aДело
801#0$aRU
$bРГИА
$c20160616
$gRCR
801#1$aRU
$bГлавНИВЦ
$c20160616
$2rusmarc
801#2$aRU
$bПБ им. Б.Н. Ельцина
$c20171011
$gRCR
$2rusmarc
850##$aРГИА
852##$aРГИА
$eФедеральное казенное учреждение "Российский государственный исторический архив" (РГИА)
$j1379
937##$hРГИА
$d12211517
$aASBIBLIO_SCAN
462#0$100172e5b07f-5533-4156-8670-50a03868b2f1
$12001
$aДела разряда высших учебных заведений Департамента народного просвещения за 1886-1898 гг.
$1251
$cОпись
$1852
$j150
461#0$1001a74412a3-3cc5-4d21-8f0a-dfe2fbd9e72d
$12001
$aДепартамент народного просвещения Министерства народного просвещения (1803-1917)
$1251
$cФонд
$1852
$j733
215##$a99 л.
$d36,5х26 см
371##$aДокумент не является опубликованным и широко распространяемым
105##$ay###
1222#$ad
035##$a17e604bd-3841-4b4d-99fd-562d561e5501
856##$uhttp://readingroom.main.prlib.ru/item.aspx?id_node=n106940966&mode=full
Формат отображения